000
00323nam a22001457a 4500
003
OSt
005
20211221151037.0
008
211221b |||||||| |||| 00| 0 eng d
040
_c
Hu
082
_a
001.64/SIN
100
_a
Single
_9
23980
245
_a
Single Chip Microcomputers
260
_c
1984
942
_2
ddc
_c
BOOKS
_n
0
999
_c
23216
_d
23216